Bulls Playoff Starters - Statistics

General Stats
  • This quiz has been taken 30 times
  • The average score is 21 of 35
Answer Stats
Answer % Correct
Derrick Rose
100%
Joakim Noah
100%
Michael Jordan
100%
Scottie Pippen
100%
Dennis Rodman
96%
B.J Armstrong
87%
Horace Grant
87%
Jimmy Butler
87%
Luc Longley
87%
Toni Kukoc
87%
Bill Cartwright
83%
Ron Harper
83%
Dwyane Wade
78%
Rajon Rondo
78%
John Paxson
74%
Robin Lopez
74%
Kirk Hinrich
70%
Carlos Boozer
65%
Pau Gasol
65%
Luol Deng
61%
Taj Gibson
57%
Ben Gordon
43%
Charles Oakley
43%
Ben Wallace
35%
Nate Robinson
35%
Tyson Chandler
30%
Eddy Curry
26%
Tyrus Thomas
26%
Mike Dunleavy
22%
Bobby Portis
17%
Richard Hamilton
17%
Keith Bogans
13%
Will Perdue
13%
Andres Nocioni
9%
Brad Miller
9%
No matching quizzes found
Score Distribution
Percent of People with Each Score
Percentile by Number Answered
Your Score History
You have not taken this quiz